[Event "Krakow Malopolski Cup"]
[Site "Krakow"]
[Date "2022.08.04"]
[Round "1"]
[White "Biel, Maciej"]
[Black "Slabek, Grzegorz"]
[Result "0-1"]
[WhiteElo "1438"]
[BlackElo "1945"]
[PlyCount "86"]
[EventDate "2022.08.04"]
[EventType "swiss"]
[EventRounds "9"]
[EventCountry "POL"]
[SourceTitle "CBM 209 Extra"]
[Source "ChessBase"]
[SourceDate "2022.09.30"]
[SourceVersion "1"]
[SourceVersionDate "2022.09.30"]
[SourceQuality "1"]

1. e4 d5 2. exd5 Nf6 3. Nf3 Nxd5 4. Bb5+ c6 5. Be2 Bf5 6. d3 h6 7. Nbd2 e6 8. 0-0 Be7 9. Nc4 Nd7 10. Ne3 Bg6 11. c4 Nf4 12. Ng4 Nxe2+ 13. Qxe2 Bh5 14. h3 Qc7 15. Bd2 Bxg4 16. hxg4 Bf6 17. Bc3 Qf4 18. Nh2 Bd4 19. Bxd4 Qxd4 20. Qe4 Qxe4 21. dxe4 0-0-0 22. Nf3 Rhf8 23. e5 Nc5 24. Rad1 Nd3 25. Rd2 Rd7 26. Rfd1 Rfd8 27. Kf1 Nxb2 28. Rxd7 Rxd7 29. Rxd7 Kxd7 30. Nd2 Nd3 31. Nf3 Kc7 32. Ke2 Nc1+ 33. Kd2 Nxa2 34. Nd4 Kd7 35. f4 Nb4 36. Ne2 c5 37. Ng3 Ke7 38. Ne4 b6 39. Nd6 Nc6 40. g5 hxg5 41. fxg5 Nxe5 42. Nc8+ Kd7 43. Nxa7 Nxc4+ 0-1

[Event "Krakow Malopolski Cup"]
[Site "Krakow"]
[Date "2022.08.04"]
[Round "2"]
[White "Slabek, Grzegorz"]
[Black "Hebdas, Ryszard"]
[Result "1/2-1/2"]
[WhiteElo "1945"]
[BlackElo "1361"]
[PlyCount "93"]
[EventDate "2022.08.04"]
[EventType "swiss"]
[EventRounds "9"]
[EventCountry "POL"]
[SourceTitle "CBM 209 Extra"]
[Source "ChessBase"]
[SourceDate "2022.09.30"]
[SourceVersion "1"]
[SourceVersionDate "2022.09.30"]
[SourceQuality "1"]

1. Nf3 c5 2. c4 Nf6 3. e3 Nc6 4. d4 cxd4 5. Nxd4 g6 6. Nc3 Bg7 7. Be2 0-0 8. 0-0 d5 9. cxd5 Nxd5 10. Nxd5 Nxd4 11. Nxe7+ Qxe7 12. exd4 Bf5 13. Bf3 Rfd8 14. Be3 Be4 15. Re1 Bxf3 16. Qxf3 Qd7 17. Rac1 Rac8 18. Rc3 Rxc3 19. bxc3 b6 20. Bg5 Re8 21. Rxe8+ Qxe8 22. h4 h6 23. Qe3 Qa4 24. Bxh6 Bxh6 25. Qxh6 Qxa2 26. Qe3 a5 27. d5 Qxd5 28. Qxb6 Qd1+ 29. Kh2 a4 30. Qb8+ Kh7 31. Qf4 Qd7 32. Qb4 Qd1 33. c4 Qb3 34. Qb5 Qc2 35. Qc5 Qb2 36. Qa7 a3 37. h5 Kg7 38. h6+ Kxh6 39. Qxf7 a2 40. Qf4+ Kg7 41. Qc7+ Kh8 42. Qd8+ Kh7 43. Qh4+ Kg7 44. Qe7+ Kg8 45. Qd8+ Kg7 46. Qe7+ Kg8 47. Qd8+ 1/2-1/2

[Event "Krakow op-B 31st"]
[Site "Krakow"]
[Date "2021.01.04"]
[Round "9"]
[White "Krawczyk, Flawian"]
[Black "Slabek, Grzegorz"]
[Result "1-0"]
[WhiteElo "2073"]
[BlackElo "1961"]
[PlyCount "59"]
[EventDate "2020.12.27"]
[EventType "swiss"]
[EventRounds "9"]
[EventCountry "POL"]
[SourceTitle "CBM 200 Extra"]
[Source "ChessBase"]
[SourceDate "2021.03.31"]
[SourceVersion "1"]
[SourceVersionDate "2021.03.31"]
[SourceQuality "1"]

1. d4 Nf6 2. c4 e6 3. Nf3 b6 4. g3 Bb7 5. Bg2 Be7 6. 0-0 0-0 7. Nc3 d6 8. Qc2 Nbd7 9. e4 e5 10. d5 a5 11. b3 Nc5 12. h3 h6 13. Be3 Nh7 14. a3 Ng5 15. b4 Nxf3+ 16. Bxf3 Nd7 17. h4 Ba6 18. Nb5 Qc8 19. Qd3 c5 20. dxc6 Qxc6 21. Nxd6 axb4 22. Nf5 Bf6 23. Rfd1 Nc5 24. Qe2 bxa3 25. Rd6 Qa4 26. Bxc5 bxc5 27. Rxf6 Bxc4 28. Qe3 a2 29. Rxh6 Ra6 30. Ne7# 1-0

[Event "Dobczyce Dominik Memorial 27th"]
[Site "Dobczyce"]
[Date "2019.07.06"]
[Round "2"]
[White "Slabek, Grzegorz"]
[Black "Kyc, Jerzy"]
[Result "0-1"]
[WhiteElo "1953"]
[BlackElo "2279"]
[PlyCount "91"]
[EventDate "2019.07.05"]
[EventType "swiss"]
[EventRounds "9"]
[EventCountry "POL"]
[SourceTitle "EXT 2020"]
[Source "ChessBase"]
[SourceDate "2019.10.17"]
[SourceVersion "1"]
[SourceVersionDate "2019.10.17"]
[SourceQuality "1"]

1. Nf3 Nf6 2. b3 d5 3. Bb2 Nbd7 4. e3 e6 5. Be2 Bd6 6. d4 0-0 7. 0-0 Ne4 8. Nbd2 f5 9. Ne5 c5 10. f4 cxd4 11. Nxe4 fxe4 12. Nxd7 Bxd7 13. Bxd4 Qe7 14. c4 Bc6 15. Rc1 Ba3 16. Rc2 a5 17. Qb1 a4 18. c5 axb3 19. axb3 Bb4 20. Rfc1 Ra5 21. Ra2 Rfa8 22. Rxa5 Rxa5 23. Qc2 Qf8 24. Bg4 Bd7 25. h3 Qa8 26. Qf2 Ba3 27. Rc2 Qf8 28. Ra2 Qe7 29. Qg3 Bb4 30. Rxa5 Bxa5 31. Qf2 Bb4 32. Qa2 Bxc5 33. Qa8+ Kf7 34. Qxb7 Bxd4 35. exd4 Qd6 36. f5 Kf6 37. fxe6 Bxe6 38. Bxe6 Qxe6 39. Qc7 h6 40. b4 e3 41. Qf4+ Ke7 42. Qe5 Qxe5 43. dxe5 Ke6 44. b5 Kxe5 45. b6 Kd6 46. b7 0-1

[Event "Dobczyce Dominik Memorial 27th"]
[Site "Dobczyce"]
[Date "2019.07.05"]
[Round "1"]
[White "Seredyn, Dominik"]
[Black "Slabek, Grzegorz"]
[Result "0-1"]
[WhiteElo "1737"]
[BlackElo "1953"]
[PlyCount "108"]
[EventDate "2019.07.05"]
[EventType "swiss"]
[EventRounds "9"]
[EventCountry "POL"]
[SourceTitle "EXT 2020"]
[Source "ChessBase"]
[SourceDate "2019.10.17"]
[SourceVersion "1"]
[SourceVersionDate "2019.10.17"]
[SourceQuality "1"]

1. Nf3 Nf6 2. c4 g6 3. Nc3 Bg7 4. g3 0-0 5. Bg2 d6 6. 0-0 c6 7. a3 Qa5 8. b4 Qh5 9. Bb2 Bh3 10. Nh4 Bxg2 11. Kxg2 d5 12. cxd5 Nxd5 13. e4 Nf4+ 14. gxf4 Qxh4 15. Qf3 Nd7 16. Qh3 Qxh3+ 17. Kxh3 Nb6 18. d3 Rfd8 19. Rad1 a5 20. e5 axb4 21. axb4 Nd5 22. Nxd5 Rxd5 23. d4 Ra2 24. Bc3 Ra3 25. Rd3 e6 26. Rfd1 Bf8 27. Be1 Rxd3+ 28. Rxd3 Rb5 29. Rb3 b6 30. Kg4 c5 31. dxc5 bxc5 32. Kf3 cxb4 33. Ke4 Rd5 34. f3 f5+ 35. exf6 Kf7 36. Rd3 Rxd3 37. Kxd3 Kxf6 38. Ke4 Bd6 39. Bd2 Kf7 40. h3 Ke7 41. Kd4 Kf6 42. Ke4 Kg7 43. Bc1 b3 44. Kd3 Kf6 45. Ke4 Be7 46. Bb2+ Kf7 47. Kd3 Bf6 48. Ba3 Ba1 49. Bc5 Kf6 50. Bf2 Kf5 51. Be3 Bf6 52. Bd2 Bd8 53. Be3 Ba5 54. Bc1 Bc7 0-1

[Event "Bohumin op 2nd"]
[Site "Bohumin"]
[Date "2019.06.29"]
[Round "8"]
[White "Slabek, Grzegorz"]
[Black "Andreev, Eduard"]
[Result "0-1"]
[WhiteElo "1953"]
[BlackElo "2435"]
[PlyCount "190"]
[EventDate "2019.06.22"]
[EventType "swiss"]
[EventRounds "9"]
[EventCountry "CZE"]
[SourceTitle "CBM 191 Extra"]
[Source "ChessBase"]
[SourceDate "2019.09.30"]
[SourceVersion "1"]
[SourceVersionDate "2019.09.30"]
[SourceQuality "1"]

1. Nf3 c5 2. e3 Nf6 3. Be2 d5 4. d4 Nc6 5. 0-0 Bg4 6. h3 Bxf3 7. Bxf3 cxd4 8. exd4 e6 9. c3 Be7 10. Bf4 Bd6 11. Bxd6 Qxd6 12. Qb3 0-0 13. Na3 Rab8 14. Rad1 a6 15. Nc2 b5 16. Ne3 Rfc8 17. a3 a5 18. Qc2 b4 19. axb4 axb4 20. Qd3 Na5 21. Ra1 Qc7 22. Ra4 bxc3 23. bxc3 Nb3 24. Rb4 Nc1 25. Qb1 Rxb4 26. cxb4 Qc3 27. Rd1 Nd7 28. Nxd5 exd5 29. Bg4 Qc4 30. Bxd7 Ne2+ 31. Kh1 Nc3 32. Qf5 g6 33. Qf3 Nxd1 34. Bxc8 Qxd4 35. Kg1 Nc3 36. Bb7 Qxb4 37. Bxd5 Nxd5 38. Qxd5 Qe1+ 39. Kh2 Qxf2 40. Qe5 h5 41. Kh1 Qb6 42. Kh2 Qe6 43. Qd4 Kh7 44. Kh1 Qf5 45. Kh2 g5 46. Qd8 Qe5+ 47. Kg1 g4 48. hxg4 Qe3+ 49. Kh2 Qf4+ 50. Kg1 hxg4 51. Qd3+ Kh6 52. g3 Qe5 53. Kg2 f5 54. Qd2+ Kh5 55. Qa2 Qc7 56. Kh2 Qe7 57. Kg2 Qg7 58. Kh2 Kg5 59. Qd2+ Kg6 60. Qd6+ Qf6 61. Qd2 Qc6 62. Qa2 Qe4 63. Qd2 Kf6 64. Qd6+ Qe6 65. Qd4+ Ke7 66. Qc5+ Kf7 67. Qc7+ Qe7 68. Qc4+ Kg7 69. Qd4+ Kg6 70. Qd2 Qh7+ 71. Kg1 Qa7+ 72. Kh2 Qc5 73. Qa2 Kg7 74. Qb2+ Kf7 75. Qe2 Qd4 76. Qc2 Qe4 77. Qd2 Ke6 78. Qa2+ Kd6 79. Qa3+ Kd5 80. Qb3+ Kd4 81. Qb6+ Kc3 82. Qa5+ Kb2 83. Qb5+ Kc1 84. Qb8 Kd1 85. Kg1 Qd4+ 86. Kf1 Kd2 87. Kg2 Ke2 88. Qb5+ Ke3 89. Qb3+ Qd3 90. Qb6+ Ke2 91. Qb8 Qe4+ 92. Kh2 Kf1 93. Qb7 Qe2+ 94. Kh1 Qf3+ 95. Kh2 Qf2+ 0-1

[Event "Krakow op-B 29th"]
[Site "Krakow"]
[Date "2018.12.29"]
[Round "3"]
[White "Slabek, Grzegorz"]
[Black "Dryja, Szymon"]
[Result "1-0"]
[WhiteElo "1967"]
[BlackElo "1795"]
[PlyCount "69"]
[EventDate "2018.12.27"]
[EventType "swiss"]
[EventRounds "9"]
[EventCountry "POL"]
[SourceTitle "CBM 189 Extra"]
[Source "ChessBase"]
[SourceDate "2019.06.03"]
[SourceVersion "1"]
[SourceVersionDate "2019.06.03"]
[SourceQuality "1"]

1. Nf3 Nf6 2. d4 d5 3. c4 e6 4. Nc3 c6 5. Qb3 Be7 6. Bf4 0-0 7. e3 Nbd7 8. cxd5 exd5 9. Bd3 b6 10. Ne5 Bb7 11. 0-0 h6 12. Bf5 Nxe5 13. Bxe5 Bd6 14. Bxd6 Qxd6 15. Rac1 g6 16. Bd3 Ng4 17. g3 h5 18. e4 h4 19. e5 Qe6 20. f4 Nh6 21. Qc2 Qg4 22. Qg2 Bc8 23. Ne2 Bd7 24. gxh4 Qxh4 25. f5 g5 26. Rf4 g4 27. h3 Qxh3 28. Qxh3 gxh3 29. Kh2 f6 30. e6 Be8 31. Rh4 Kh7 32. Rg1 c5 33. Rgg4 Rh8 34. Nf4 Rd8 35. Ng6 1-0

[Event "EU-ch rapid"]
[Site "Katowice"]
[Date "2017.12.17"]
[Round "9"]
[White "Kazakouski, Valery"]
[Black "Slabek, Grzegorz"]
[Result "1-0"]
[WhiteElo "2422"]
[BlackElo "1956"]
[PlyCount "165"]
[EventDate "2017.12.16"]
[EventType "swiss (rapid)"]
[EventRounds "11"]
[EventCountry "POL"]
[SourceTitle "CBM 182 Extra"]
[Source "ChessBase"]
[SourceDate "2018.02.23"]
[SourceVersion "1"]
[SourceVersionDate "2018.02.23"]
[SourceQuality "1"]

1. d4 d5 2. c4 c6 3. cxd5 cxd5 4. Nc3 e6 5. Bf4 a6 6. e3 Nf6 7. Bd3 Nc6 8. Rc1 Bd6 9. Nf3 Bxf4 10. exf4 g6 11. 0-0 0-0 12. Bb1 Bd7 13. Re1 Rc8 14. Ne5 Qb6 15. Nxc6 Bxc6 16. Qd2 Rc7 17. h4 Rfc8 18. f5 exf5 19. Bxf5 Re8 20. Rxe8+ Bxe8 21. Bb1 Re7 22. h5 Qe6 23. hxg6 hxg6 24. Qf4 Kg7 25. Bc2 Bc6 26. Bb3 Re8 27. Bc2 Ng4 28. Bd3 Nf6 29. a3 Nh5 30. Qg5 Nf6 31. Ne2 Qg4 32. Qxg4 Nxg4 33. f3 Bb5 34. Bxb5 axb5 35. Nc3 Nf6 36. Nxb5 Re2 37. b4 Nh5 38. Nc3 Re3 39. Kf2 Rd3 40. Nxd5 Rxd4 41. Rc5 Rd2+ 42. Kg1 f5 43. g4 fxg4 44. fxg4 Rd1+ 45. Kf2 b6 46. Rc7+ Kh6 47. Nc3 Ra1 48. gxh5 Rxa3 49. hxg6 Kxg6 50. Ke3 Kf5 51. Kd4 Rb3 52. Kc4 Rb2 53. Kb5 Ke5 54. Na4 Rb1 55. Nxb6 Kd6 56. Rc6+ Ke7 57. Rc2 Kd8 58. Nd5 Rd1 59. Nc3 Rh1 60. Na4 Kd7 61. Nb6+ Kd8 62. Ka6 Ra1+ 63. Kb7 Rb1 64. Rd2+ Ke7 65. Rd4 Ke6 66. Kc6 Ke5 67. Rh4 Rc1+ 68. Rc4 Rh1 69. Nd7+ Ke6 70. Nc5+ Ke7 71. b5 Rh6+ 72. Kc7 Rh7 73. b6 Kf6+ 74. Nd7+ Ke6 75. Rd4 Rh3 76. Nc5+ Ke5 77. Rd1 Rc3 78. Kc6 Rh3 79. b7 Rh6+ 80. Kc7 Rh7+ 81. Rd7 Rh8 82. Rd8 Rh7+ 83. Nd7+ 1-0

[Event "EU-ch rapid"]
[Site "Katowice"]
[Date "2017.12.17"]
[Round "7"]
[White "Sadzikowski, Daniel"]
[Black "Slabek, Grzegorz"]
[Result "1-0"]
[WhiteElo "2584"]
[BlackElo "1956"]
[PlyCount "111"]
[EventDate "2017.12.16"]
[EventType "swiss (rapid)"]
[EventRounds "11"]
[EventCountry "POL"]
[SourceTitle "CBM 182 Extra"]
[Source "ChessBase"]
[SourceDate "2018.02.23"]
[SourceVersion "1"]
[SourceVersionDate "2018.02.23"]
[SourceQuality "1"]

1. d4 d5 2. c4 c6 3. Nc3 Nf6 4. Nf3 e6 5. Bg5 Be7 6. e3 h6 7. Bh4 0-0 8. Rc1 b6 9. Bd3 Bb7 10. 0-0 Nbd7 11. Qe2 c5 12. Rfd1 dxc4 13. Bxc4 cxd4 14. Nxd4 Nd5 15. Bxd5 exd5 16. Bxe7 Qxe7 17. Qg4 Ne5 18. Qg3 Qf6 19. Qf4 Qxf4 20. exf4 Nc4 21. b3 Nd6 22. f3 Rac8 23. Kf2 Rc5 24. Na4 Rxc1 25. Rxc1 Rc8 26. Rxc8+ Nxc8 27. Nc3 Kf8 28. g4 g6 29. h4 Ke7 30. f5 g5 31. hxg5 hxg5 32. f4 gxf4 33. Kf3 f6 34. Kxf4 Nd6 35. g5 fxg5+ 36. Kxg5 Nf7+ 37. Kg6 Ne5+ 38. Kg7 Ng4 39. Nce2 Bc8 40. Nf4 Bd7 41. f6+ Nxf6 42. Ng6+ Kd6 43. Kxf6 Kc5 44. Ke5 Kb4 45. Kxd5 Ka3 46. Ne5 Be8 47. Kc4 Kxa2 48. Kc3 a5 49. Nc4 Bf7 50. Nxb6 Bxb3 51. Nxb3 a4 52. Nd2 Ka1 53. Kc2 Ka2 54. Nbc4 Ka1 55. Nd6 Ka2 56. Nb5 1-0

[Event "EU-ch rapid"]
[Site "Katowice"]
[Date "2017.12.16"]
[Round "3"]
[White "Brodowski, Piotr"]
[Black "Slabek, Grzegorz"]
[Result "1-0"]
[WhiteElo "2430"]
[BlackElo "1956"]
[PlyCount "115"]
[EventDate "2017.12.16"]
[EventType "swiss (rapid)"]
[EventRounds "11"]
[EventCountry "POL"]
[SourceTitle "CBM 182 Extra"]
[Source "ChessBase"]
[SourceDate "2018.02.23"]
[SourceVersion "1"]
[SourceVersionDate "2018.02.23"]
[SourceQuality "1"]

1. d4 Nf6 2. c4 c6 3. Nf3 d5 4. e3 e6 5. Nc3 Be7 6. b3 0-0 7. Bb2 b6 8. Bd3 Bb7 9. 0-0 Nbd7 10. Qe2 c5 11. cxd5 cxd4 12. Nxd4 Nxd5 13. Nxd5 Bxd5 14. Rfd1 Bf6 15. e4 Bb7 16. Bb5 Qe7 17. Nf5 exf5 18. Rxd7 Qxe4 19. Qxe4 Bxe4 20. Bxf6 gxf6 21. f3 a6 22. Bf1 Bc6 23. Rd6 Bb5 24. Rxb6 Bxf1 25. Kxf1 Kg7 26. Re1 Ra7 27. Re2 Rc8 28. Rb4 Rc5 29. Ra4 Kg6 30. Kf2 Rb5 31. Kg3 a5 32. Rc2 Rd7 33. Rac4 Rdd5 34. Kf4 Rb4 35. Rxb4 axb4 36. Ke3 Kg5 37. g3 f4+ 38. gxf4+ Kf5 39. h4 Rb5 40. Rc7 Ke6 41. Ra7 h5 42. Ke4 f5+ 43. Ke3 Rb6 44. Ra5 f6 45. Ra7 Rc6 46. Kf2 Rc2+ 47. Kg3 Kd5 48. Ra6 Kd4 49. a3 Ra2 50. Ra4 Rxa3 51. Rxb4+ Kd3 52. Rb6 Ke2 53. Re6+ Kf1 54. Rxf6 Rxb3 55. Rxf5 Rb2 56. Rxh5 Rg2+ 57. Kh3 Kf2 58. Rg5 1-0

[Event "EU-ch blitz"]
[Site "Katowice"]
[Date "2017.12.15"]
[Round "21"]
[White "Meissner, Felix"]
[Black "Slabek, Grzegorz"]
[Result "1-0"]
[WhiteElo "2333"]
[BlackElo "1956"]
[PlyCount "113"]
[EventDate "2017.12.15"]
[EventType "swiss (blitz)"]
[EventRounds "22"]
[EventCountry "POL"]
[SourceTitle "CBM 182 Extra"]
[Source "ChessBase"]
[SourceDate "2018.02.23"]
[SourceVersion "1"]
[SourceVersionDate "2018.02.23"]
[SourceQuality "1"]

1. e4 d5 2. exd5 Nf6 3. d4 Nxd5 4. Nf3 Bf5 5. Be2 e6 6. 0-0 Be7 7. c4 Nb4 8. Na3 0-0 9. Be3 a5 10. Qd2 c6 11. c5 Nd7 12. Nc4 Nc2 13. Rac1 Nxe3 14. fxe3 Bg4 15. h3 Bxf3 16. Bxf3 a4 17. a3 Qc7 18. Kh1 Rfd8 19. Qf2 Rf8 20. e4 e5 21. Qg3 Rac8 22. d5 Bxc5 23. dxc6 bxc6 24. Bg4 Bd4 25. Rc2 c5 26. Ne3 Kh8 27. Nd5 Qd6 28. Qh4 Rb8 29. Bf5 h6 30. g4 Nf6 31. Nxf6 Qxf6 32. Qxf6 gxf6 33. Bd7 Kg7 34. Bxa4 Rxb2 35. Rxb2 Bxb2 36. Bb3 Bxa3 37. Rd1 Bb2 38. Rd7 Bd4 39. Bc4 Kg6 40. Kg2 Kg5 41. Kg3 h5 42. gxh5 Kxh5 43. Bxf7+ Kg5 44. Be6 Ra8 45. h4+ Kh6 46. Kg4 Ra1 47. Bf5 Rg1+ 48. Kf3 Rg7 49. Rd8 Ra7 50. Rh8+ Kg7 51. Rh7+ Kf8 52. Rxa7 c4 53. Rc7 c3 54. Ke2 Ke8 55. Rd7 c2 56. Kd2 Bf2 57. h5 1-0

[Event "EU-ch blitz"]
[Site "Katowice"]
[Date "2017.12.15"]
[Round "11"]
[White "Slabek, Grzegorz"]
[Black "Kanarek, Marcel"]
[Result "1-0"]
[WhiteElo "1956"]
[BlackElo "2505"]
[PlyCount "141"]
[EventDate "2017.12.15"]
[EventType "swiss (blitz)"]
[EventRounds "22"]
[EventCountry "POL"]
[SourceTitle "CBM 182 Extra"]
[Source "ChessBase"]
[SourceDate "2018.02.23"]
[SourceVersion "1"]
[SourceVersionDate "2018.02.23"]
[SourceQuality "1"]

1. Nf3 Nf6 2. e3 g6 3. b4 Bg7 4. Bb2 0-0 5. Be2 d6 6. d4 e5 7. 0-0 Nbd7 8. c4 exd4 9. Nxd4 Ne5 10. Nc3 c6 11. a4 a5 12. b5 Qc7 13. Rc1 Ned7 14. Bf3 Ne5 15. bxc6 bxc6 16. Ncb5 Nxf3+ 17. Qxf3 cxb5 18. Qxa8 Bb7 19. cxb5 Qb6 20. Rc6 Bxc6 21. Qxc6 Qxc6 22. Nxc6 Nd5 23. Bxg7 Kxg7 24. Nxa5 Ra8 25. Nc4 Rxa4 26. Nxd6 Rb4 27. Ra1 Nc3 28. g3 Nxb5 29. Nxb5 Rxb5 30. h4 h5 31. Kg2 Rb4 32. Ra6 Rc4 33. Rb6 Ra4 34. Kf3 Rc4 35. Rd6 Rb4 36. Rd4 Rb5 37. Ke4 Kf6 38. f3 Rb1 39. Rd6+ Ke7 40. Ra6 Rg1 41. Kf4 Rh1 42. e4 Rg1 43. e5 Rb1 44. g4 hxg4 45. fxg4 Re1 46. Ra7+ Kf8 47. h5 gxh5 48. gxh5 Kg7 49. h6+ Kg6 50. h7 Kxh7 51. Rxf7+ Kg6 52. Rf6+ Kg7 53. Kf5 Ra1 54. Rb6 Kf7 55. Rb7+ Ke8 56. Kf6 Rf1+ 57. Ke6 Kf8 58. Rb8+ Kg7 59. Kd6 Rd1+ 60. Ke7 Ra1 61. Rb7 Ra6 62. e6 Ra8 63. Kd6+ Kf8 64. Kd7 Re8 65. Rb1 Re7+ 66. Kd6 Ra7 67. Rb8+ Kg7 68. e7 Ra6+ 69. Kc5 Ra5+ 70. Kb4 Re5 71. e8Q 1-0

[Event "EU-ch blitz"]
[Site "Katowice"]
[Date "2017.12.15"]
[Round "15"]
[White "Slabek, Grzegorz"]
[Black "Wiewiora, Eneasz"]
[Result "0-1"]
[WhiteElo "1956"]
[BlackElo "2320"]
[PlyCount "64"]
[EventDate "2017.12.15"]
[EventType "swiss (blitz)"]
[EventRounds "22"]
[EventCountry "POL"]
[SourceTitle "CBM 182 Extra"]
[Source "ChessBase"]
[SourceDate "2018.02.23"]
[SourceVersion "1"]
[SourceVersionDate "2018.02.23"]
[SourceQuality "1"]

1. Nf3 d6 2. d4 Nf6 3. e3 g6 4. Be2 Bg7 5. 0-0 0-0 6. b4 e5 7. Bb2 e4 8. Nfd2 Bf5 9. c4 h5 10. Nc3 Re8 11. d5 Nbd7 12. Nb3 Ne5 13. h3 Qd7 14. Nd4 Bxh3 15. gxh3 Qxh3 16. Qc2 Neg4 17. Bxg4 Nxg4 18. f3 Nxe3 19. Qh2 Qxh2+ 20. Kxh2 Nxf1+ 21. Rxf1 Bxd4 22. fxe4 Bxc3 23. Bxc3 Rxe4 24. c5 Rae8 25. cxd6 cxd6 26. Bf6 Rxb4 27. Rc1 Rb5 28. Rc7 Rxd5 29. Bd4 Rb5 30. Bxa7 g5 31. Rd7 Ra5 32. Bd4 Rxa2+ 0-1

[Event "Dobczyce Dominik Memorial 25th"]
[Site "Dobczyce"]
[Date "2017.07.13"]
[Round "1"]
[White "Slabek, Grzegorz"]
[Black "Kyc, Jerzy"]
[Result "1-0"]
[WhiteElo "1948"]
[BlackElo "2210"]
[PlyCount "127"]
[EventDate "2017.07.13"]
[EventType "swiss"]
[EventRounds "7"]
[EventCountry "POL"]
[SourceTitle "EXT 2018"]
[Source "ChessBase"]
[SourceDate "2017.10.13"]
[SourceVersion "1"]
[SourceVersionDate "2017.10.13"]
[SourceQuality "1"]

1. b4 e5 2. Bb2 Bxb4 3. Bxe5 Nf6 4. e3 0-0 5. Nf3 Nc6 6. Bb2 Re8 7. Be2 d5 8. 0-0 Bf5 9. a3 Bd6 10. d4 Ne4 11. Nbd2 Re6 12. c4 Rh6 13. g3 Bh3 14. Re1 Nxd2 15. Qxd2 dxc4 16. d5 Ne7 17. Qc3 f6 18. Qxc4 b5 19. Qd4 a6 20. e4 Ng6 21. Rac1 Qd7 22. Rc6 Re8 23. Rxa6 Nf4 24. Bd1 Bg2 25. Rxd6 cxd6 26. Bc1 Bxf3 27. Bxf4 Bxd1 28. Bxh6 Bf3 29. Qd3 Qg4 30. Bf4 g5 31. h3 Qxh3 32. Qxf3 gxf4 33. Qxf4 f5 34. Qg5+ Kf7 35. Rc1 Re7 36. exf5 Kf8 37. Qf6+ Ke8 38. Qh8+ Kf7 39. f6 Qh6 40. fxe7 Qxc1+ 41. Kg2 Kxe7 42. Qxh7+ Kd8 43. Qd3 Qc5 44. g4 Qc8 45. Kg3 Qc1 46. Kg2 Qf4 47. Qf3 Qc1 48. Qf8+ Kd7 49. Qf7+ Kd8 50. Qf6+ Kd7 51. Qe6+ Kc7 52. Qe7+ Kb6 53. Qxd6+ Ka5 54. Qb4+ Ka6 55. a4 Qd1 56. Qxb5+ Ka7 57. Qc4 Qd2 58. Qc5+ Ka8 59. Qe3 Qd1 60. Qf3 Qxa4 61. Kg3 Qa1 62. Kg2 Qe5 63. d6+ Ka7 64. Qe3+ 1-0

[Event "Krakow op-B 27th"]
[Site "Krakow"]
[Date "2017.01.02"]
[Round "7"]
[White "Milikow, Elie"]
[Black "Slabek, Grzegorz"]
[Result "0-1"]
[WhiteElo "1787"]
[BlackElo "1950"]
[PlyCount "96"]
[EventDate "2016.12.27"]
[EventType "swiss"]
[EventRounds "9"]
[EventCountry "POL"]
[SourceTitle "CBM 176 Extra"]
[Source "ChessBase"]
[SourceDate "2017.03.02"]
[SourceVersion "1"]
[SourceVersionDate "2017.03.02"]
[SourceQuality "1"]

1. e4 d5 2. exd5 Nf6 3. Bb5+ Bd7 4. Bc4 b5 5. Bb3 Bg4 6. Nf3 Bh5 7. Qe2 a6 8. c4 bxc4 9. Qxc4 Bxf3 10. gxf3 Qd6 11. d3 Nbd7 12. Bf4 Ne5 13. Qa4+ Nfd7 14. Ke2 g5 15. Bg3 Qf6 16. Nd2 Bg7 17. Rac1 Qg6 18. Rxc7 Qxd3+ 19. Kd1 0-0 20. Qe4 Qb5 21. Bxe5 Nxe5 22. Bc2 f5 23. Qe3 Qxb2 24. Qxg5 Qa1+ 25. Bb1 Rab8 26. Rxe7 Rxb1+ 27. Ke2 Nf7 28. Rxb1 Nxg5 29. Rxa1 Bxa1 30. Nc4 Rc8 31. Ne3 f4 32. Nf5 Bf6 33. Ra7 Rc2+ 34. Kf1 Rxa2 35. h4 Nf7 36. Ra8+ Nd8 37. h5 Ra5 38. Nh6+ Kg7 39. Nf5+ Kf8 40. Nh6 Ra2 41. Ra7 Rxf2+ 42. Ke1 Rxf3 43. Rxa6 Bc3+ 44. Ke2 Re3+ 45. Kf1 Re1+ 46. Kg2 Ra1 47. Rb6 Ra3 48. Rb5 f3+ 0-1

[Event "Polanica Zdroj op-C 52nd"]
[Site "Polanica Zdroj"]
[Date "2016.08.28"]
[Round "2"]
[White "Czoch, Karol"]
[Black "Slabek, Grzegorz"]
[Result "0-1"]
[WhiteElo "1638"]
[BlackElo "1963"]
[PlyCount "82"]
[EventDate "2016.08.20"]
[EventType "swiss"]
[EventRounds "9"]
[EventCountry "POL"]
[SourceTitle "CBM 174 Extra"]
[Source "ChessBase"]
[SourceDate "2016.10.10"]
[SourceVersion "1"]
[SourceVersionDate "2016.10.10"]
[SourceQuality "1"]

1. e4 d5 2. exd5 Nf6 3. Nc3 Nxd5 4. Nxd5 Qxd5 5. d4 Nc6 6. Be3 e5 7. c3 exd4 8. Bxd4 Nxd4 9. Qxd4 Qxd4 10. cxd4 Bb4+ 11. Kd1 Be6 12. Kc2 0-0-0 13. Rd1 c5 14. a3 Ba5 15. dxc5 Bb3+ 16. Kxb3 Rxd1 17. Nf3 Rhd8 18. g3 f5 19. Bg2 Rxh1 20. Bxh1 Bc7 21. Kc2 b6 22. c6 f4 23. Ng5 h6 24. Ne6 Re8 25. Bd5 fxg3 26. hxg3 g5 27. g4 b5 28. Kd3 Rh8 29. Ke4 h5 30. gxh5 Rxh5 31. b3 Bd6 32. Nd4 a6 33. a4 Bc5 34. Nf5 bxa4 35. bxa4 Kc7 36. f4 g4 37. Ng7 g3 38. Ne8+ Kb6 39. c7 Rxd5 40. Kxd5 Kb7 41. Ke6 Kc8 0-1

[Event "Polanica Zdroj op-C 52nd"]
[Site "Polanica Zdroj"]
[Date "2016.08.28"]
[Round "7"]
[White "Golaszewski, Marek"]
[Black "Slabek, Grzegorz"]
[Result "0-1"]
[WhiteElo "1572"]
[BlackElo "1963"]
[PlyCount "58"]
[EventDate "2016.08.20"]
[EventType "swiss"]
[EventRounds "9"]
[EventCountry "POL"]
[SourceTitle "CBM 174 Extra"]
[Source "ChessBase"]
[SourceDate "2016.10.10"]
[SourceVersion "1"]
[SourceVersionDate "2016.10.10"]
[SourceQuality "1"]

1. e4 d5 2. exd5 Nf6 3. Nc3 Nxd5 4. Nxd5 Qxd5 5. d4 Nc6 6. Nf3 Bg4 7. Be3 e5 8. dxe5 Bxf3 9. gxf3 Qxe5 10. Bh3 Rd8 11. Qe2 Nd4 12. Bxd4 Qxe2+ 13. Kxe2 Rxd4 14. Rad1 Rxd1 15. Rxd1 Bd6 16. Ke3 g5 17. Rd5 h6 18. Bc8 Ke7 19. Bxb7 Bxh2 20. Bc6 Bf4+ 21. Ke4 h5 22. Kf5 Rd8 23. Ra5 Rd6 24. Bd5 Rf6+ 25. Ke4 h4 26. Bc4 h3 27. Bf1 h2 28. Bg2 Re6+ 29. Kd3 Re1 0-1

[Event "Katowice POL-HUN 4th"]
[Site "Katowice"]
[Date "2016.05.08"]
[Round "8"]
[White "Dragun, Kamil"]
[Black "Slabek, Grzegorz"]
[Result "1-0"]
[WhiteElo "2595"]
[BlackElo "1963"]
[PlyCount "65"]
[EventDate "2016.05.07"]
[EventType "swiss (rapid)"]
[EventRounds "9"]
[EventCountry "POL"]
[SourceTitle "CBM 172 Extra"]
[Source "ChessBase"]
[SourceDate "2016.06.21"]
[SourceVersion "1"]
[SourceVersionDate "2016.06.21"]
[SourceQuality "1"]

1. d4 g6 2. e4 d5 3. exd5 Qxd5 4. Nc3 Qd8 5. Nf3 Bg7 6. Bg5 Nf6 7. Qd2 h6 8. Bf4 c6 9. 0-0-0 Nd5 10. Be5 Nf6 11. h3 0-0 12. g4 Nbd7 13. Bf4 g5 14. Bg3 Nb6 15. Ne5 Nbd5 16. Nxd5 Qxd5 17. Bc4 Qd8 18. h4 Ne4 19. Qe3 Nxg3 20. Qxg3 Be6 21. Bxe6 fxe6 22. hxg5 hxg5 23. Qh3 Rf6 24. Qh7+ Kf8 25. Rh5 Qd5 26. Rxg5 Qxa2 27. Qxg7+ Ke8 28. Qh8+ Rf8 29. Rg8 Qa1+ 30. Kd2 Qa5+ 31. c3 Kd8 32. Rxf8+ Kc7 33. Rxa8 1-0